Battlefields of negotiation: control agency, and ownership in World of Warcraft / (Record no. 290614)
[ view plain ]
| 000 -LEADER | |
|---|---|
| fixed length control field | 00467nam a2200145Ia 4500 |
| 008 - FIXED-LENGTH DATA ELEMENTS--GENERAL INFORMATION | |
| fixed length control field | 160216s9999 xx 000 0 und d |
| 100 ## - MAIN ENTRY--PERSONAL NAME | |
| Personal name | Glas, R. |
| 245 ## - TITLE STATEMENT | |
| Title | Battlefields of negotiation: control agency, and ownership in World of Warcraft / |
| 245 ## - TITLE STATEMENT | |
| Statement of responsibility, etc | R. Glas. |
| 260 ## - PUBLICATION, DISTRIBUTION, ETC. (IMPRINT) | |
| Name of publisher, distributor, etc | OAPEN library |
| 260 ## - PUBLICATION, DISTRIBUTION, ETC. (IMPRINT) | |
| Date of publication, distribution, etc | 2013 |
| 650 ## - SUBJECT ADDED ENTRY--TOPICAL TERM | |
| General subdivision | Control agency. |
| 650 ## - SUBJECT ADDED ENTRY--TOPICAL TERM | |
| General subdivision | Negotiation - ownership. |
| 856 ## - ELECTRONIC LOCATION AND ACCESS | |
| Uniform Resource Identifier | <a href="http://media.wix.com/ugd/f47560_084becdceb964671821537465d01e722.pdf">http://media.wix.com/ugd/f47560_084becdceb964671821537465d01e722.pdf</a> |
| Withdrawn status | Lost status | Damaged status | Home library | Current library | Date acquired | Total Checkouts | Date last seen | Price effective from | Koha item type |
|---|---|---|---|---|---|---|---|---|---|
| College Library | College Library | 02/16/2016 | 02/16/2016 | 02/16/2016 | Curriculum - Based eBooks |